Aktuálne zmeny v oblasti nepriamych daní
Súčasťou daňovej reformy boli aj zmeny v oblasti nepriamych, majetkových daní. Príprava zdaňovania nehnuteľností na hodnotovom princípe. Vypracovanie systému určovania trhovej hodnoty nehnuteľností. Zmeny v zákone. Financovanie krajov.
Enregistré dans:
| Auteur principal: | |
|---|---|
| Format: | Chapitre de livre |
| Langue: | slovaque |
| Sujets: | |
| Tags: |
Pas de tags, Soyez le premier à ajouter un tag!
|
MARC
| LEADER | 00000naa$a2200000$$$4500 | ||
|---|---|---|---|
| 001 | 0012892 | ||
| 005 | 20231016083641.4 | ||
| 041 | 0 | |a slo | |
| 044 | |a SK | ||
| 245 | 1 | 0 | |a Aktuálne zmeny v oblasti nepriamych daní |c Dušan Tichý |
| 520 | |a Súčasťou daňovej reformy boli aj zmeny v oblasti nepriamych, majetkových daní. Príprava zdaňovania nehnuteľností na hodnotovom princípe. Vypracovanie systému určovania trhovej hodnoty nehnuteľností. Zmeny v zákone. Financovanie krajov. | ||
| 610 | 2 | 0 | |a reformy daňové |
| 610 | 2 | 0 | |a dane nepriame |
| 610 | 2 | 0 | |a dane majetkové |
| 610 | 2 | 0 | |a hodnota nehnuteľností |
| 610 | 2 | 0 | |a financovanie |
| 610 | 2 | 0 | |a kraje |
| 100 | 1 | |a Tichý, Dušan | |